000
00356nam a2200157Ia 4500
100
_a
Chirgwin/B.H.
650
_a
Electrical Engineering
942
_c
BK
654
_a
Elemantary Electro-Magnetic Theory
245
_a
Elemantary Electro-Magnetic Theory
260
_b
none
082
_a
530.1
_b
Chi
300
_a
440
546
_a
ENGLISH
999
_c
24682
_d
24682